00871nam a2200265Ia 4500008004100000020001500041040001800056041000800074100003600082245011800118250001200236260006000248300001800308490003700326504003800363650001500401650001100416650001400427650002000441650001100461650002300472650002500495700002800520765005700548130821s2000 ck gr spa  a9589093086 aCo-BoUCMbspa00aspa aKeynes, John Maynardd1883-194600aTeoría general de la ocupación, el interés y el dinerocJohn Maynard Keynes; traducido por Eduardo Hornedo. a2a. ed. aBogotá (Colombia)bFondo de Cultura Económicac2000 a356 páginas aSección de Obras de Economía aIncluye índice y bibliografía04aEconomía04aEmpleo04aInterés04aMicroeconomía04aMoneda04aPoblación activa04aTeoría económica aHornedo, Eduardoetrad. aThe General Theory of Employment, Interest and Money